| 000 | 00946cam a2200277 a 4500 | ||
|---|---|---|---|
| 001 | 36443 | ||
| 003 | BD-RjUL | ||
| 005 | 20211209052504.0 | ||
| 008 | 140624m1946 1935 mau 001 0 eng d | ||
| 035 | _a(BD-RjUL)36543 | ||
| 035 | _a(BD-RjUL)36543 | ||
| 040 |
_aHRM _cHRM _dm/c _dBD-RjUL _beng |
||
| 041 | 1 |
_aeng _agrc _hgrc |
|
| 082 |
_a321.07 _bPLR 1946 |
||
| 090 |
_aPA4279 _b.R4 1953-56 |
||
| 100 | 0 |
_aPlato. _9110937 |
|
| 245 | 1 | 4 |
_aThe Republic with an English translation / _cby Paul Shorey, Ph.D., LL.D., Litt.D |
| 260 |
_aCambridge, Mass : _bHarvard University Press ; _aLondon : _bWilliam Heinemann, _c1935 [Reprinted 1946] |
||
| 300 |
_alxxiii ,537 p.: _c17 cm |
||
| 650 |
_a Political science -- Early works to 1800. _993287 |
||
| 650 |
_aUtopias -- Early works to 1800. _9110942 |
||
| 650 |
_a Justice -- Early works to 1800. Vie _9110943 |
||
| 830 | 0 |
_aLoeb classical library. _9110944 |
|
| 942 |
_2ddc _cBK |
||
| 999 |
_c36443 _d36443 |
||